Strategický management lidských zdrojů moderní trendy v HR

Salvato in:
Dettagli Bibliografici
Autore principale: Urbancová, Hana
Altri autori: Vrabcová, Pavla
Natura: Libro
Lingua:ceco
Pubblicazione: Praha Grada Publishing 2023
Edizione:1. vydání
Soggetti:
Tags: Aggiungi Tag
Nessun Tag, puoi essere il primo ad aggiungerne!!

MARC

LEADER 00000nam a2200000 4500
001 0292018
005 20240416114206.3
020 |a 978-80-271-3675-9 
041 0 |a cze 
044 |a CZ 
245 1 0 |a Strategický management lidských zdrojů  |b moderní trendy v HR  |c Hana Urbancová, Pavla Vrabcová 
250 |a 1. vydání 
264 1 |a Praha  |b Grada Publishing  |c 2023 
300 |a 292 s. 
610 2 0 |a manažment strategický 
610 2 0 |a riadenie strategické 
610 2 0 |a riadenie ľudských zdrojov 
610 2 0 |a riadenie personálne 
610 2 0 |a manažment personálny 
610 2 0 |a marketing personálny 
610 2 0 |a budovanie značky zamestnávateľa 
100 1 |a Urbancová, Hana 
700 1 |a Vrabcová, Pavla